00378nam a2200133Ia 450000500170000000800410001702000150005808200130007310000220008624500330010826000330014130000120017450000580018620250122041829.0240331s9999 xx 000 0 und d a9559518550 bPOOa920 aPoologasingham, P 0aPoet Tambimuttu :ba profile aColombobP. Tambimuttuc1993 a55 p ., aA Profile by Kalakeerthi Professor P. Poologasingham